Regiones y expansión capitalista en México durante el siglo XIX /

Seminario celebrado en noviembre de 1997 en la Facultad de Economía de la Universidad de Colima, donde un grupo de especialistas presentó 19 trabajos que dan cuenta de la práctica de hacer economía en México desde las postrimerías del siglo XVIII hasta mediados del siglo XX, con un enfoque regional...

詳細記述

保存先:
書誌詳細
団体著者: Seminario Regiones y Expansión Capitalista en el Siglo XIX ( Universidad de Colima)
その他の著者: Romero Ibarra, María Eugenia (coordinación) (coordinación), Serrano Alvarez, Pablo (coordinación) (coordinación)
フォーマット: 会議録 図書
言語:スペイン語
出版事項: México : Colima, México : UNAM ; Universidad de Colima, 1998, c1998
主題:
タグ: タグ追加
タグなし, このレコードへの初めてのタグを付けませんか!

MARC

LEADER 00000nam^a2200000^a^4500
001 000115924
005 20250521000000.0
009 20260310094111.146
020 |a 968-36-6446-6 
037 |a Acervo ITESO - Biblioteca 
041 |a ESP 
082 |a 972.  |b SEM 1997 
111 |a Seminario Regiones y Expansión Capitalista en el Siglo XIX (  |d noviembre de 1997 :  |c Universidad de Colima) 
245 1 0 |a Regiones y expansión capitalista en México durante el siglo XIX /  |c Seminario Regiones y Expansión Capitalista en el Siglo XIX ; coord. de M.E. Romero Ibarra, P. Serrano Alvarez ; presen. de Ernesto Rangel. 
264 4 |a México :  |b UNAM ;  |a Colima, México :  |b Universidad de Colima,  |c 1998, c1998 
300 |a 517 p. 
336 |a texto  |b txt  |2 rdacontenido 
337 |a sin mediación  |b n  |2 rdamedio 
338 |a volumen  |b nc  |2 rdasoporte 
520 |a Seminario celebrado en noviembre de 1997 en la Facultad de Economía de la Universidad de Colima, donde un grupo de especialistas presentó 19 trabajos que dan cuenta de la práctica de hacer economía en México desde las postrimerías del siglo XVIII hasta mediados del siglo XX, con un enfoque regional y que considera la perspectiva de los agentes económicos involucrados. El conjunto ofrece un panorama de la conformación del capitalismo a lo largo del siglo XIX en los estados de México, Veracruz, Aguascalientes, Colima, Chiapas, Oaxaca, Nayarit y Sinaloa e incluye tres estudios referentes a Jalisco: El Consulado de Comercio de Guadalajara: organización corporativa, gestión institucional y costos de transacción, 1795-1821; Guadalajara y su relación comercial con Manila y Panamá y Empresarios, capitalistas y terratenientes en Jalisco durante el siglo XIX: el caso de Nicolás Remus. 
649 |a XX 
650 |a Historia -  |x Congresos 
650 |a Economía -  |x Congresos 
650 |a Terratenientes Jaliscienses 
650 |a Empresarios Jaliscienses 
650 |a Tribunales Mercantiles -  |z Guadalajara, Jalisco -  |x Historia -  |y Epoca Colonial, 1517-1821 
650 |a Instituciones Económicas -  |z Guadalajara, Jalisco -  |x Historia -  |y Epoca Colonial, 1517-1821 
650 |a Comercio -  |z Guadalajara, Jalisco -  |x Historia -  |y Epoca Colonial, 1517-1821 
650 |a Haciendas -  |z Jalisco -  |x Historia -  |y Siglo XIX 
650 |a Capitalismo 
650 |a Desarrollo Económico-Social -  |z México -  |x Historia 
650 |a Economía -  |z Guadalajara, Jalisco -  |x Historia -  |y Epoca Colonial, 1517-1821 
650 |a Economía -  |z Jalisco -  |x Historia -  |y Siglo XIX 
650 |a Economía -  |z México -  |x Historia 
650 |a Guadalajara, Jalisco -  |x Historia -  |y Epoca Colonial, 1517-1821 
650 |a Jalisco -  |x Historia -  |y Epoca Colonial, 1517-1821 
650 |a Jalisco -  |x Historia -  |y Siglo XIX 
650 |a México -  |x Historia 
650 |a Remus Vallarta, Nicolás 
700 |a Romero Ibarra, María Eugenia  |e (coordinación) 
700 |a Serrano Alvarez, Pablo  |e (coordinación) 
910 |a Fondo General 
920 |a Impresos - Libros 
930 |a Colección General 
905 |a 101 
901 |a 0500050376  |b IT1  |c ACC  |u 20250521 
902 |a https://opac.biblio.iteso.mx/vufind/Record/000115924